000 00622nam a22002297a 4500
999 _c5275
_d5275
001 5275
003 BD-JhCC
005 20171213084936.0
008 171211s1967 e |||| ||a| 000 0 eng d
035 _a(BD-JhCC) 5275
040 _aBD-JhCC
_dBD-JhCC
041 _aeng
082 _a330.973
_bMUL 1967
100 _aMulcahy, Richard E.
245 _aReadings in economics from fortune /
_c Richard E. Mulcahy
250 _a3rd ed.
260 _aLondon :
_bHOLT, RINEHART AND WINSTON, INC ,
_c1967
300 _a345 p .:
_c25 cm .
650 _aEconomic History,
_z United states
942 _2ddc
_cBK